00891cam a2200277 a 45000010008000000030004000080050017000120080041000290150019000700160018000890200025001070200022001320350023001540350020001770400032001970410013002290820023002421000025002652400047002902450112003372600031004492630011004803000019004915000053005106500050005634288021OSt20200421093818.0040928s2005 enka e 000 0 eng  aGBA4825242bnb7 a0130399262Uk a9781843543091 (hbk.) a1843543095 (hbk.) a(OCoLC)ocm57007111 a(OCoLC)57007111 aUKMcUKMdYDXCPdNZWHCdNLE1 aenghita00a940.27420949332221 aBarbero, Alessandro.13aLa battaglia, Storia di Waterloo.lEnglish14aThe battle :ba new history of Waterloo /cAlessandro Barbero ; translated from the italian by John Cullen. aLondon :bAtlantic,c2005. a200506 a304 p. :bill. aTranslation of: La battaglia, Storia di Wateloo. 0aWaterloo, Battle of, Waterloo, Belgium, 1815.